00618cam a2200193u 45000010008000000030004000080050017000120080041000290100017000700400019000870430012001060820016001181000037001342450039001712600037002103000033002476100108002806500036003889310081OSt20230627111300.0820225s1952 enka 000 0 eng  a 52001980  aDLCcCarPdDLC ae-uk--- a336.42bCHU1 aChubb, Basil. [from old catalog]14aThe control of public expenditure; aOxford,bClarendon Press,c1952. avii, 291 p.bdiagrs.c23 cm.10aGreat Britain.bParliament.bHouse of Commons.bSelect Committee of Public Accounts. [from old catalog] 0aFinance, PubliczGreat Britain.